000 00399nam a22001577a 4500
003 OSt
005 20211011153052.0
008 211011b |||||||| |||| 00| 0 eng d
020 _a08747363390
040 _aHU
_cDDC
082 _a343.963/BOW
245 _aHawall rules of evidence manual
260 _aCharlottesville
_bThe Michie company
_c1990
300 _axxv,534p,21cm
942 _2ddc
_cBOOKS
_n0
999 _c11535
_d11535